Clic Les tripoints entre pays (3) - Statistiques

Statistiques générales
  • Ce quiz a été pris 15 fois
  • Le résultat moyen est 18 sur 51
Statistiques - réponses
Hint Réponse % Correct
France / Italie Suisse
100%
Colombie / Pérou Equateur
58%
Afrique du Sud / Mozambique Eswatini
58%
Djibouti / Erythrée Éthiopie
50%
Bulgarie / Turquie Grèce
50%
Cisjordanie / Israël Jordanie
50%
Guinée / Liberia Sierra Leone
50%
Allemagne / Pologne Tchéquie
50%
Irak / Syrie Turquie
50%
Andorre / Espagne France
42%
Birmanie / Chine Inde
42%
Birmanie / Chine Laos
42%
Autriche / Suisse Liechtenstein
42%
Belgique / France Luxembourg
42%
Bosnie-Herzégovine / Serbie Monténégro
42%
Chine / Inde Pakistan
42%
Bolivie / Brésil Paraguay
42%
Pologne / Tchéquie Slovaquie
42%
Bénin / Burkina Faso Togo
42%
Algérie / Libye Tunisie
42%
Brésil / Guyana Venezuela
42%
Chine / Laos Vietnam
42%
Cameroun / Gabon Congo
33%
Azerbaïdjan / Turquie Iran
33%
Bulgarie / Grèce Macédoine
33%
Algérie / Mali Mauritanie
33%
Kazakhstan / Tadjikistan Ouzbékistan
33%
Lituanie / Pologne Russie
33%
Éthiopie / Kenya Somalie
33%
Chine / Kirghizistan Tadjikistan
33%
Ouganda / Rwanda Tanzanie
33%
Libye / Soudan Tchad
33%
Mozambique / Zambie Zimbabwe
33%
Macédoine / Serbie Bulgarie
25%
Argentine / Bolivie Chili
25%
Burkina Faso / Côte d'Ivoire Ghana
25%
Arabie saoudite / Irak Koweït
25%
Ouganda / RD Congo Rwanda
25%
Mali / Mauritanie Sénégal
25%
Hongrie / Roumanie Serbie
25%
Kenya / Ouganda Soudan
25%
Israël / Liban Syrie
25%
Pologne / Slovaquie Ukraine
25%
Malawi / Tanzanie Zambie
25%
Botswana / Zambie Namibie
17%
Brésil / Colombie Pérou
17%
Croatie / Hongrie Slovénie
17%
Kazakhstan / Ouzbékistan Turkménistan
17%
Kazakhstan / Russie Azerbaïdjan
8%
Mozambique / Zambie Malawi
8%
Bénin / Burkina Faso Niger
0%
Aucun quiz correspondant
Distribution des résultats
% des personnes avec chaque résultat
Percentile par nombre de réponses
Votre historique - résultats
Vous n’avez pas pris ce quiz